| 000 | 00459nam a2200181Ia 4500 | ||
|---|---|---|---|
| 005 | 20240823010514.0 | ||
| 008 | 240823s9999||||xx |||||||||||||| ||und|| | ||
| 082 | _A420 N7 | ||
| 100 | _aHumanities | ||
| 245 | 0 | _aEnglish for Engineers and Technologies 1 | |
| 250 | _a1st | ||
| 260 |
_c1997 _b"Orient,London" |
||
| 500 | _aYES | ||
| 650 |
_aENG _bEnglish |
||
| 700 | _a" social science division,Anna University,Madras" | ||
| 942 | _cBK | ||
| 999 |
_c158820 _d158820 |
||